000 00780cam a2200301 4500500
005 20260329003908.0
041 _afre
042 _adc
100 1 0 _aNathan, Tobie
_eauthor
245 0 0 _aL’été à pleins tubes
260 _c2017.
500 _a26
690 _aAdorno
690 _aAline
690 _aChanson
690 _aChristophe
690 _aDaft Punk
690 _aDrake
690 _aÉmotion
690 _aété
690 _aJoe Dassin
690 _aMusique
690 _aPhilippe Chevallier
690 _aRidicule
690 _aTube
786 0 _nPhilosophie magazine | 111 | 7-8 | 2017-07-01 | p. 17-19 | 1951-1787
856 4 1 _uhttps://shs.cairn.info/magazine-philosophie-magazine-2017-7-8-page-17?lang=fr&redirect-ssocas=7080
999 _c1828778
_d1828778